| 000 | 00787cab a2200169 4500 | ||
|---|---|---|---|
| 001 | ##L131601 | ||
| 008 | 051118n2005 000 0 eng u | ||
| 035 | _a(Sirsi) u131601 | ||
| 041 | 0 | _aeng | |
| 100 | 1 | _aGordon, Mark | |
| 245 | 0 | 0 | _aImpartiality in ECC Contracts |
| 260 | _c2005 | ||
| 490 | 0 |
_aProperty Week _v70(43) 28 October 2005, 67(1) |
|
| 520 | _aLooks at some of the disputes that have arisen since the introduction the New Engineering Contract. The contracts, once seen to favour property developers over contractors, have led to many claims of bias being made against project managers, who will not always act in the best interests of the clients. | ||
| 690 | _aBUILT ENVIRONMENT-BUILDING CONTRACT FORMS-STANDARD FORMS OF BUILDING CONTRACT -NEC CONTRACTS | ||
| 942 | _n0 | ||
| 999 |
_c76190 _d76190 |
||